000 00914cam a2200301 i 4500
001 000005456
003 DO-SdBNP
005 20230529092054.0
007 ta
008 920624s1966 sp 000 p spa
040 _aDO-SdBNP
_bspa
_cBNPHU
082 _a861.5
_bE77d
100 1 _aEspronceda, José de,
_d1808-1842.
_93064
245 1 3 _aEl diablo mundo :
_bel estudiante de Salamanca /
_cJosé de Espronceda ; prólogo de Jaime Gil de Biedma
264 _aMadrid :
_bAlianza Editorial,
_c1966
300 _a329 paginas. ;
_c19 cm.
336 _2rdacontent
_atexto
_btxt
337 _2rdamedia
_asin mediación
_bn
338 _2rdacarrier
_avolumen
_bnc
590 _aInventariado, 2023 / DG
650 4 _aPoesía española
_9631
650 4 _aLiteratura española
_9632
650 _915504
700 1 _aGil de Biedma, Jaime
_ePrólogista
_915505
830 0 _94208
910 _aDG
942 _2ddc
_cLBS1
999 _c53632
_d53632